KARYA GURU MALAYSIA SEMPENA HARI GURU 2021 : (Record no. 193745)

MARC details
000 -LEADER
fixed length control field 01304nam a2200313 i 4500
005 - DATE AND TIME OF LATEST TRANSACTION
control field 20231127103129.0
008 - FIXED-LENGTH DATA ELEMENTS--GENERAL INFORMATION
fixed length control field 231122s2023 my g 000 0dmay d
020 ## - INTERNATIONAL STANDARD BOOK NUMBER
International Standard Book Number 9789672456605
Terms of availability RM40.00
Qualifying information paperback
040 ## - CATALOGING SOURCE
Original cataloging agency PPAK
Language of cataloging eng
Transcribing agency PPAK
Description conventions rda
082 04 - DEWEY DECIMAL CLASSIFICATION NUMBER
Edition number 23
Classification number 899.233010803
090 00 - LOCALLY ASSIGNED LC-TYPE CALL NUMBER (OCLC); LOCAL CALL NUMBER (RLIN)
Classification number (OCLC) (R) ; Classification number, CALL (RLIN) (NR) 899.233010803
Feature heading KAR
Feature heading G
245 00 - TITLE STATEMENT
Title KARYA GURU MALAYSIA SEMPENA HARI GURU 2021 :
Remainder of title MARI BERKARYA.
Number of part/section of a work 8,
Name of part/section of a work guru & murid berpisah tiada.
Number of part/section of a work JILID 2 /
Statement of responsibility, etc. Penyelenggara: SITI AMIZA ABDUL AZIZ, WAN SALAHUDIN WAN ABDULLAH, SITI SARAH INSYIRAH ABD RASHID, ZULAIKAH BEGAM T. BAVUTTY ; Editor MK Riza
264 #1 - PRODUCTION, PUBLICATION, DISTRIBUTION, MANUFACTURE, AND COPYRIGHT NOTICE
Place of production, publication, distribution, manufacture Cyberjaya, Selangor :
Name of producer, publisher, distributor, manufacturer Majlis Buku Kebangsaan Malaysia, Kementerian Pendidikan Malaysia,
Date of production, publication, distribution, manufacture, or copyright notice 2023
300 ## - PHYSICAL DESCRIPTION
Extent 1 volume :
Dimensions 23 cm
336 ## - CONTENT TYPE
Content type term text
Source rdacontent
337 ## - MEDIA TYPE
Media type term unmediated
Source rdamedia
338 ## - CARRIER TYPE
Carrier type term volume
Source rdacarrier
650 10 - SUBJECT ADDED ENTRY--TOPICAL TERM
Topical term or geographic name entry element Short stories, Malay
Topical term or geographic name entry element Malaysian fiction (Malay)
Topical term or geographic name entry element Literature and State
Topical term or geographic name entry element Literature and Society
Topical term or geographic name entry element Sociolinguistics
700 0# - ADDED ENTRY--PERSONAL NAME
Personal name Siti Amiza Abdul Aziz,
Relator term editor.
Personal name Wan Salahudin Wan Abdullah,
Relator term editor.
Personal name Siti Sarah Insyirah Abd Rashid,
Relator term editor.
Personal name Zulaikah Begam T. Bavutty,
Relator term editor.
Personal name MK Riza,
Relator term editor.
942 ## - ADDED ENTRY ELEMENTS (KOHA)
Source of classification or shelving scheme Dewey Decimal Classification
Koha item type Book
Holdings
Withdrawn Not for loan Current library Shelving location Date acquired Total Checkouts Total Renewals Full call number Barcode Date last seen Date last checked out Koha item type
    Perpustakaan Alor Setar Pinjaman Dewasa 04/12/2023 1 1 899.233010803 KAR A01799608 27/06/2026 25/05/2026 Book
    Perpustakaan Awam Sungai Petani Pinjaman Dewasa 04/12/2023     899.233010803 KAR A01799609 04/12/2023   Book
    Perpustakaan Baling Pinjaman Dewasa 04/12/2023     899.233010803 KAR A01799613 04/12/2023   Book
    Perpustakaan Bandar Baharu Pinjaman Dewasa 04/12/2023     899.233010803 KAR A01799614 04/12/2023   Book
    Perpustakaan Jitra Pinjaman Dewasa 04/12/2023     899.233010803 KAR A01799610 04/12/2023   Book
    Perpustakaan Kuala Nerang Pinjaman Dewasa 04/12/2023     899.233010803 KAR A01799618 04/12/2023   Book
    Perpustakaan Kulim Pinjaman Dewasa 04/12/2023 1   899.233010803 KAR A01799612 27/02/2024 24/02/2024 Book
    Perpustakaan Langkawi Pinjaman Dewasa 04/12/2023     899.233010803 KAR A01799611 04/12/2023   Book
    Perpustakaan Merbok Pinjaman Dewasa 04/12/2023     899.233010803 KAR A01799615 04/12/2023   Book
    Perpustakaan Pendang Pinjaman Dewasa 04/12/2023     899.233010803 KAR A01799619 04/12/2023   Book
    Perpustakaan Sik Pinjaman Dewasa 04/12/2023     899.233010803 KAR A01799617 04/12/2023   Book
    Perpustakaan Yan Pinjaman Dewasa 04/12/2023     899.233010803 KAR A01799616 04/12/2023   Book